Twilight Characters by Mentions - Statistics

General Stats
  • This quiz has been taken 371 times
  • The average score is 17 of 30
Answer Stats
Hint Answer % Correct
3104 Edward Cullen
99%
2330 Jacob Black
93%
1451 Bella Swan
88%
1316 Alice Cullen
86%
1149 Charlie Swan
79%
536 Jasper Cullen
78%
720 Carlisle Cullen
77%
440 Rosalie Cullen
77%
269 Esme Cullen
76%
393 Emmett Cullen
73%
353 Aro
67%
128 Victoria
63%
439 Renesmee Cullen
62%
121 Jane
60%
301 Billy Black
58%
110 Renee
53%
239 Leah Clearwater
52%
118 Caius
50%
384 Seth Clearwater
50%
465 Sam Uley
45%
239 Mike Newton
40%
96 Laurent
39%
230 Jessica Stanley
38%
102 Paul
33%
143 Angela Weber
31%
114 Kate
27%
127 Embry Call
24%
133 Tanya
24%
107 Jared
23%
146 Quil Ateara
21%
No matching quizzes found
Score Distribution
Percent of People with Each Score
Percentile by Number Answered
Your Score History
You have not taken this quiz